Management of premises for family doctors: a case for treatment (Record no. 59906)

MARC details
000 -LEADER
fixed length control field 01107cab a2200229 4500
001 - CONTROL NUMBER
control field ABS57440
008 - FIXED-LENGTH DATA ELEMENTS--GENERAL INFORMATION
fixed length control field 090401t1997 xxu||||| |||| 00| 0 eng d
035 ## - SYSTEM CONTROL NUMBER
System control number (Sirsi) u98568
041 ## - LANGUAGE CODE
Language code of text/sound track or separate title eng
100 ## - MAIN ENTRY--PERSONAL NAME
Personal name Stansfield, K.
245 ## - TITLE STATEMENT
Title Management of premises for family doctors: a case for treatment
260 ## - PUBLICATION, DISTRIBUTION, ETC.
Date of publication, distribution, etc. 1997
350 ## - PRICE (NR) (BK AM CF MU VM SE) [OBSOLETE]
Price 0
490 ## - SERIES STATEMENT
Series statement Property Management
Volume/sequential designation 15(3) 1997, 150-159(10)
520 ## - SUMMARY, ETC.
Summary, etc. As primary health care facilities become more sophisticated, advances in construction management teechniques need to be applied so that they are procured efficiently. Current real estate arrangements for the provision of primary health care facilities are causing concern. The capital investment involved is increasingly burdensome for GPs. Lack of Government finance is leading to pressures for the employment of private capital, with accompanying new opportunities for property managers. References.
650 ## - SUBJECT ADDED ENTRY--TOPICAL TERM
Topical term or geographic name entry element DOCTORS' SURGERIES
650 ## - SUBJECT ADDED ENTRY--TOPICAL TERM
Topical term or geographic name entry element PRIMARY HEALTHCARE PREMISES
690 ## - LOCAL SUBJECT ADDED ENTRY--TOPICAL TERM (OCLC, RLIN)
Topical term or geographic name as entry element COMMERCIAL PROPERTY-MANAGEMENT
700 ## - ADDED ENTRY--PERSONAL NAME
Personal name Taylor, A.
942 ## - ADDED ENTRY ELEMENTS (KOHA)
Suppress in OPAC 0
948 ## - LOCAL PROCESSING INFORMATION (OCLC); SERIES PART DESIGNATOR (RLIN)
c (OCLC) 07/08/1997

No items available.